[Event "RB-2012-0-00179"]
[Site "LSS email"]
[Date "2012.05.27"]
[Round "?"]
[White "Lattouf, Sigfrido"]
[Black "Pavlicek, Miroslav"]
[Result "1-0"]
[WhiteElo "2020"]
[BlackElo "1860"]
[PlyCount "99"]
[EventDate "2012.04.19"]
[EventType "tourn (corr)"]
[EventRounds "6"]
[EventCountry "GER"]
[SourceTitle "Telechess CBM 153"]
[Source "ChessBase"]
[SourceDate "2013.03.14"]
[SourceVersion "1"]
[SourceVersionDate "2013.03.14"]
[SourceQuality "1"]

1. g3 d5 2. Nf3 Nf6 3. c4 g6 4. b3 Bg7 5. Bb2 0-0 6. Bg2 c5 7. 0-0 d4 8. b4 Re8 9. bxc5 e5 10. d3 Na6 11. Nbd2 Nxc5 12. Rb1 Bf8 13. Nb3 Na4 14. Ba1 Bd7 15. e3 Nc3 16. Bxc3 dxc3 17. Qc2 e4 18. Nfd4 Rc8 19. Qxc3 b6 20. Rfd1 Qe7 21. Qc2 exd3 22. Rxd3 Qe5 23. Nd2 Qh5 24. h4 Qa5 25. Qb2 Qe5 26. Bb7 Rc7 27. Bf3 Rcc8 28. Bg2 Ng4 29. Bd5 Nf6 30. e4 Nxd5 31. cxd5 Qc7 32. Re1 Bg7 33. Qb3 Qb7 34. Nb5 Qb8 35. d6 Be6 36. Qa3 Red8 37. e5 Rc2 38. Nd4 Rxa2 39. Qc3 Bd5 40. Nf5 gxf5 41. Rxd5 Qb7 42. Qc7 Qa8 43. e6 fxe6 44. Rxe6 Rc2 45. Qe7 Rf8 46. Rd3 Qd8 47. Nf3 Rc1+ 48. Kg2 Rc8 49. d7 Ra8 50. Qd6 1-0

[Event "RB-2012-0-00179"]
[Site "LSS email"]
[Date "2012.05.27"]
[Round "?"]
[White "Tyutyunnik, Roman"]
[Black "Lattouf, Sigfrido"]
[Result "1/2-1/2"]
[WhiteElo "1861"]
[BlackElo "2020"]
[PlyCount "73"]
[EventDate "2012.04.19"]
[EventType "tourn (corr)"]
[EventRounds "6"]
[EventCountry "GER"]
[SourceTitle "Telechess CBM 153"]
[Source "ChessBase"]
[SourceDate "2013.03.14"]
[SourceVersion "1"]
[SourceVersionDate "2013.03.14"]
[SourceQuality "1"]

1. e4 c5 2. Nf3 Nc6 3. d4 cxd4 4. Nxd4 e5 5. Nb5 d6 6. N1c3 Nf6 7. Bg5 a6 8. Na3 b5 9. Bxf6 gxf6 10. Nd5 Bg7 11. c3 f5 12. exf5 Bxf5 13. Nc2 0-0 14. Nce3 Be6 15. g3 Rb8 16. Bg2 f5 17. 0-0 f4 18. gxf4 exf4 19. Nxf4 Rxf4 20. Bxc6 Kh8 21. Kh1 Rh4 22. Bd5 Qf6 23. Bxe6 Qxe6 24. Rg1 Be5 25. Rg2 Qh3 26. Nf1 b4 27. cxb4 Rd4 28. Qb3 Qxb3 29. axb3 Rdxb4 30. Rxa6 Rxb3 31. Ne3 Rxb2 32. Nc4 Rb1+ 33. Rg1 Rxg1+ 34. Kxg1 Rg8+ 35. Kf1 Bxh2 36. Nxd6 Bxd6 37. Rxd6 1/2-1/2

[Event "OP-2012-0-02213"]
[Site "LSS email"]
[Date "2012.05.25"]
[Round "?"]
[White "Lattouf, Sigfrido"]
[Black "Vontina, Maria"]
[Result "1-0"]
[WhiteElo "1800"]
[BlackElo "725"]
[PlyCount "49"]
[EventDate "2012.05.22"]
[EventType "tourn (corr)"]
[EventRounds "4"]
[EventCountry "GER"]
[SourceTitle "Telechess CBM 155"]
[Source "ChessBase"]
[SourceDate "2013.07.16"]
[SourceVersion "1"]
[SourceVersionDate "2013.07.16"]
[SourceQuality "1"]

1. e4 e6 2. d4 d5 3. Nc3 Bb4 4. e5 c5 5. Qg4 Kf8 6. Nf3 Ne7 7. dxc5 Bxc5 8. Bd3 Ng6 9. 0-0 Nc6 10. Qg3 a6 11. Re1 Bd7 12. h4 Nge7 13. a3 Qc7 14. Ne2 b5 15. c3 Ng6 16. Ned4 Rc8 17. h5 Nge7 18. Be3 Bb6 19. h6 g6 20. Nxc6 Bxc6 21. Bxb6 Qxb6 22. Qf4 Nf5 23. g4 Ne7 24. Qf6 Kg8 25. Qg7# 1-0

[Event "OP-2012-0-02213"]
[Site "LSS email"]
[Date "2012.05.25"]
[Round "?"]
[White "Szczepanski, Zbigniew"]
[Black "Lattouf, Sigfrido"]
[Result "1-0"]
[WhiteElo "2458"]
[BlackElo "1800"]
[PlyCount "161"]
[EventDate "2012.05.22"]
[EventType "tourn (corr)"]
[EventRounds "4"]
[EventCountry "GER"]
[SourceTitle "Telechess CBM 155"]
[Source "ChessBase"]
[SourceDate "2013.07.16"]
[SourceVersion "1"]
[SourceVersionDate "2013.07.16"]
[SourceQuality "1"]

1. d4 Nf6 2. c4 c5 3. d5 g6 4. Nc3 Bg7 5. e4 d6 6. Nf3 0-0 7. h3 e6 8. Bd3 a6 9. 0-0 e5 10. a3 Nbd7 11. Re1 Nh5 12. Be3 Nf4 13. Bf1 Rb8 14. b4 b6 15. Rb1 Bb7 16. Qd2 Qc7 17. Rb3 Rfd8 18. Reb1 Ba8 19. Bxf4 exf4 20. Qxf4 Ne5 21. Nxe5 Bxe5 22. Qd2 Re8 23. Qb2 Bg7 24. bxc5 Qxc5 25. Qc1 Qd4 26. Qf4 Be5 27. Qf3 Bh8 28. Bd3 Rb7 29. Na4 b5 30. Nb2 Reb8 31. cxb5 axb5 32. Nd1 Qc5 33. Qe3 Bd4 34. Qd2 Bg7 35. Qb4 Bd4 36. Qxc5 Bxc5 37. Bxb5 Ra7 38. a4 Rc8 39. Ne3 Kg7 40. Rc1 Re7 41. Rc4 h5 42. g4 hxg4 43. hxg4 Ra7 44. g5 f6 45. gxf6+ Kxf6 46. Ng4+ Kg7 47. Kg2 Rb7 48. Rc1 Re7 49. f3 Ra7 50. e5 Rd8 51. Bc6 Rc8 52. Bxa8 Rcxa8 53. a5 Kf8 54. exd6 Bxd6 55. Rb6 Bc7 56. Rxg6 Bxa5 57. Ne5 Rg7 58. Rxg7 Kxg7 59. Ra1 Re8 60. Rxa5 Rxe5 61. Kg3 Kf6 62. Kf4 Rh5 63. Ke4 Rh2 64. Ra7 Rd2 65. f4 Re2+ 66. Kd4 Rf2 67. Kc5 Rxf4 68. d6 Rf1 69. Kc6 Rd1 70. Ra2 Rc1+ 71. Kd7 Rd1 72. Rf2+ Kg5 73. Ke7 Re1+ 74. Kd8 Kg6 75. d7 Rc1 76. Rf4 Ra1 77. Ke7 Re1+ 78. Kd6 Ra1 79. d8Q Rd1+ 80. Ke7 Rxd8 81. Kxd8 1-0